ბათუმის შოთა რუსთაველის სახელმწიფო უნივერსიტეტის ბიბლიოთეკა

Physical rehabilitation of the injured athlete / (ბიბ.ჩანაწერი № 57439)

000 -LEADER
fixed length control field 00780cam a2200229 a 4500
001 - CONTROL NUMBER
control field 17017808
005 - DATE AND TIME OF LATEST TRANSACTION
control field 20221107151509.0
008 - FIXED-LENGTH DATA ELEMENTS--GENERAL INFORMATION
fixed length control field 111019s2012 paua b 001 0 eng
020 ## - INTERNATIONAL STANDARD BOOK NUMBER
International Standard Book Number 9781437724110 X
041 ## - LANGUAGE CODE
Language code of text/sound track or separate title eng
080 ## - UNIVERSAL DECIMAL CLASSIFICATION NUMBER
Universal Decimal Classification number 615.8 A-54
100 ## - MAIN ENTRY--PERSONAL NAME
Personal name Andrews J.R.
9 (RLIN) 8641
245 00 - TITLE STATEMENT
Title Physical rehabilitation of the injured athlete /
Statement of responsibility, etc. James R. Andrews, Gary L. Harrelson, Kevin E. Wilk.
250 ## - EDITION STATEMENT
Edition statement 4th ed.
264 ## - PRODUCTION, PUBLICATION, DISTRIBUTION, MANUFACTURE, AND COPYRIGHT NOTICE
Place of production, publication, distribution, manufacture Philadelphia :
Name of producer, publisher, distributor, manufacturer Elsevier/Saunders,
Date of production, publication, distribution, manufacture, or copyright notice 2012.
300 ## - PHYSICAL DESCRIPTION
Extent 618 p. :
Other physical details col. ill. ;
Dimensions 29 cm.
653 ## - INDEX TERM--UNCONTROLLED
keyword მედიცინა
653 ## - INDEX TERM--UNCONTROLLED
keyword ფიზიკური რეაბილიტაცია
700 1# - ADDED ENTRY--PERSONAL NAME
Personal name Harrelson, Gary L.
Relator term ავტორი
9 (RLIN) 8644
700 1# - ADDED ENTRY--PERSONAL NAME
Personal name Wilk, Kevin E.
Relator term ავტორი
9 (RLIN) 8645
942 ## - ADDED ENTRY ELEMENTS (KOHA)
Source of classification or shelving scheme
Koha item type წიგნი
ეგზემპლარები
Withdrawn status Lost status Source of classification or shelving scheme Damaged status Not for loan Permanent Location Current Location Shelving location Date acquired Cost, normal purchase price Full call number Barcode Date last seen Copy number Price effective from Koha item type Public note
          ბათუმის შოთა რუსთაველის სახელმწიფო უნივერსიტეტის მთავარი ბიბლიოთეკა ბათუმის შოთა რუსთაველის სახელმწიფო უნივერსიტეტის მთავარი ბიბლიოთეკა წიგნსაცავი 2020-06-22 324.00 615.8 A-54 60635 2020-06-22 60635 2020-06-22 წიგნი 324 ლ.